Statistics for Capitals once in the Mongol Empire

Click here to take the quiz!

General Stats

  • This quiz has been taken 60 times
  • The average score is 17 of 22

Answer Stats

CountryCapital% Correct
ChinaBeijing
96%
RussiaMoscow
94%
IranTehran
92%
UkraineKiev
90%
MongoliaUlaanbaatar
90%
KazakhstanNur-Sultan
90%
IraqBaghdad
84%
KyrgyzstanBishkek
82%
UzbekistanTashkent
82%
South KoreaSeoul
78%
AfghanistanKabul
78%
North KoreaPyongyang
76%
TurkeyAnkara
76%
AzerbaijanBaku
76%
TajikistanDushanbe
74%
ArmeniaYerevan
74%
TurkmenistanAshgabat
72%
GeorgiaTbilisi
72%
BelarusMinsk
70%
PakistanIslamabad
70%
MoldovaChișinău
62%
RomaniaBucharest
62%

Score Distribution

Percentile by Number Answered

Percent of People with Each Score

Your Score History

You have not taken this quiz